000 00215nam a2200097Ia 4500
005 20251222114409.0
008 251222s1900||||xx |||||||||||||| ||spa||
082 _aDVD0080/L49/1951
245 0 _aQuo Vadis:
942 _cDVD
999 _c1961
_d1961